| 000 | 00774nam a22002297a 4500 | ||
|---|---|---|---|
| 999 |
_c3882 _d3882 |
||
| 003 | AR-CdUCM | ||
| 008 | 190307b ||||| |||| 00| 0 spa d | ||
| 020 | _a84-8374-100-8 | ||
| 040 |
_aMUNICIPALIDAD PROVINCIAL DEL CUSCO _cBIBLIOTECA MUNICIPAL DEL CUSCO |
||
| 082 |
_a869.56 / _bP85 |
||
| 100 |
_aPortocarrero, Elena _912206 |
||
| 245 | _aLa serpiente en la ciudad / | ||
| 260 |
_aMadrid : _bHuerga y Fierro Editores, _c1999. |
||
| 300 |
_a185 paginas _c21 cm. |
||
| 500 | _aDedicatoria. | ||
| 505 | _aLa serpiente en la ciudad -- El compañero -- El águila -- La amuralla china en casa de Carlos -- Ecología -- Temblor... | ||
| 650 |
_aCuentos peruanos _97 |
||
| 650 |
_aSiglo XX. _98 |
||
| 650 |
_aLa serpiente _912474 |
||
| 942 |
_2ddc _cLIBROS |
||
| 945 | _awnts | ||